000
00291nam a2200133Ia 4500
008
191201s2009 xx 000 0 und d
100
_a
PELCZAR, Michael
245
0
_a
Microbiology
250
_a
Rep
260
_a
N.Delhi
_b
TMH
_c
2009
300
_a
918
650
_a
Applied
942
_2
ddc
_c
BK
999
_c
4180
_d
4180